00405pab a2200157 454500008004000000100002200040245004100062260000900103300001300112362000800125650002600133650001800159650001000177700002300187773003700210180718b2000 xxu||||| |||| 00| 0 eng d aLohokare, Madhura aWomen in disasters and mental health c2000 ap.565-80 aOct aWomen - Mental health aMental health aWomen aDavar, Bhargavi V. aIndian Journal of Social Welfare